La réforme administrative au Japon : phénomènes passés et évolutions futures (notice n° 1582116)

détails MARC
000 -LEADER
fixed length control field 02143cam a2200169 4500500
005 - DATE AND TIME OF LATEST TRANSACTION
control field 20251228051729.0
041 ## - LANGUAGE CODE
Language code of text/sound track or separate title fre
042 ## - AUTHENTICATION CODE
Authentication code dc
100 10 - MAIN ENTRY--PERSONAL NAME
Personal name Masujima, Toshiyuki
Relator term author
245 00 - TITLE STATEMENT
Title La réforme administrative au Japon : phénomènes passés et évolutions futures
260 ## - PUBLICATION, DISTRIBUTION, ETC.
Date of publication, distribution, etc. 2005.<br/>
500 ## - GENERAL NOTE
General note 10
520 ## - SUMMARY, ETC.
Summary, etc. RésuméCet article examine la place qu’a occupé la réforme des ministères du gouvernement central — les réformes « Hashimoto » dans le contexte de la réforme administrative au cours de la seconde moitié du 20ème siècle. Dans la première partie, nous décrivons les réformes administratives entreprises par les gouvernements successifs et en particulier les réformes Hashimoto, en comparaison avec les précédentes réformes « Rinchô », extrêmement fructueuses. Nous abordons également les points de controverse propres aux réformes Hashimoto et analysons les conséquences de ces réformes sur l’État japonais au 21ème siècle. Nous évoquons également brièvement les réformes administratives mises en œuvre par le gouvernement en 2004.
520 ## - SUMMARY, ETC.
Summary, etc. Administrative reform in Japan: past developments and future trendsThis article examines the place that the reform of central government ministries — the ‘Hashimoto reforms’— has occupied within the context of administrative reform in the last half of the 20th century. The first part traces the administrative reforms attempted by successive governments, with particular reference to the Hashimoto reforms in comparison with the earlier highly productive ‘Rinchô’reforms. The article also identifies the controversial points inherent in the Hashimoto reforms and considers the implications of these reforms for Japanese government in the 21st century. Brief reference is also made to the administrative reforms being pursued by the government as of 2004.
786 0# - DATA SOURCE ENTRY
Note Revue Internationale des Sciences Administratives | 71 | 2 | 2005-06-01 | p. 311-325 | 0303-965X
856 41 - ELECTRONIC LOCATION AND ACCESS
Uniform Resource Identifier <a href="https://droit.cairn.info/revue-internationale-des-sciences-administratives-2005-2-page-311?lang=fr&redirect-ssocas=7080">https://droit.cairn.info/revue-internationale-des-sciences-administratives-2005-2-page-311?lang=fr&redirect-ssocas=7080</a>

Pas d'exemplaire disponible.

PLUDOC

PLUDOC est la plateforme unique et centralisée de gestion des bibliothèques physiques et numériques de Guinée administré par le CEDUST. Elle est la plus grande base de données de ressources documentaires pour les Étudiants, Enseignants chercheurs et Chercheurs de Guinée.

Adresse

627 919 101/664 919 101

25 boulevard du commerce
Kaloum, Conakry, Guinée

Réseaux sociaux

Powered by Netsen Group @ 2025